000 00533nam a22001697a 4500
003 OSt
005 20240926013534.0
008 240926b |||||||| |||| 00| 0 eng d
040 _c0
082 _aDPer 050 R22 2000 January-May 2023 v123 no. 719-723
100 _aField, Lisa.
_eauthor.
_961677
245 _aBeware of button batteries /
_cLisa Field.
260 _aTaipei ;
_bReader's Digest Asia,
_cMarch 2023.
300 _aVolume 123, pages 22-27 ,
_billustration.
700 _aField, Lisa.
_eauthor.
_961677
942 _2ddc
_cPER
999 _c21890
_d21890